[Event "Guernsey Holiday op 44th"]
[Site "Vale"]
[Date "2018.10.21"]
[Round "1"]
[White "Nielsen, Jorgen Holmstrom"]
[Black "Foster, Paul"]
[Result "0-1"]
[WhiteElo "1748"]
[BlackElo "1540"]
[PlyCount "94"]
[EventDate "2018.10.21"]
[EventType "swiss"]
[EventRounds "7"]
[EventCountry "GCI"]
[SourceTitle "EXT 2021"]
[Source "ChessBase"]
[SourceDate "2020.10.23"]
[SourceVersion "1"]
[SourceVersionDate "2020.10.23"]
[SourceQuality "1"]

1. Nc3 Nf6 2. e4 e5 3. Nf3 d6 4. d4 exd4 5. Nxd4 Be7 6. Nf5 Bxf5 7. exf5 Nbd7 8. Bc4 c6 9. 0-0 d5 10. Be2 Qc7 11. Re1 0-0 12. f4 Bc5+ 13. Kh1 d4 14. Nb1 Ne4 15. Rf1 Ndf6 16. Nd2 Qd7 17. Nxe4 Nxe4 18. Bg4 f6 19. a3 Rad8 20. b4 Bb6 21. Qd3 Rfe8 22. h3 Re7 23. Bb2 Qd5 24. Kh2 Rde8 25. Rad1 Nc3 26. Bxc3 Re3 27. Qd2 Rxc3 28. Rfe1 Ree3 29. Rxe3 Rxe3 30. Re1 Qe4 31. Rf1 Rxa3 32. Qe2 Qxe2 33. Bxe2 Kf8 34. Bd3 c5 35. bxc5 Bxc5 36. Re1 Rxd3 37. cxd3 a5 38. Ra1 Bb4 39. g3 b5 40. Kg2 a4 41. Kf3 Ke7 42. Rb1 a3 43. Ra1 Kd6 44. g4 Bc5 45. Ke2 b4 46. Kd2 b3 47. Re1 Bb4+ 0-1

[Event "Paignton Morning Thynne op"]
[Site "Torquay"]
[Date "2018.09.05"]
[Round "3"]
[White "Fraser, Alan R"]
[Black "Foster, Paul"]
[Result "0-1"]
[WhiteElo "1400"]
[BlackElo "1570"]
[PlyCount "96"]
[EventDate "2018.09.03"]
[EventType "swiss"]
[EventRounds "5"]
[EventCountry "ENG"]
[SourceTitle "EXT 2021"]
[Source "ChessBase"]
[SourceDate "2020.10.23"]
[SourceVersion "1"]
[SourceVersionDate "2020.10.23"]
[SourceQuality "1"]

1. e4 d5 2. exd5 Nf6 3. Nc3 Bg4 4. Be2 Bf5 5. Nf3 Nxd5 6. Nxd5 Qxd5 7. 0-0 Nc6 8. c3 e5 9. Re1 0-0-0 10. Qb3 Qxb3 11. axb3 e4 12. Nh4 Bd7 13. g3 f5 14. Ng2 a6 15. d3 Bc5 16. dxe4 fxe4 17. Be3 Bd6 18. b4 Nb8 19. Nf4 c6 20. Ng2 Rhe8 21. Bg5 Be7 22. Bf4 Bh3 23. Ne3 g5 24. Be5 Nd7 25. Bd4 Bf6 26. Nc4 Bxd4 27. Nd6+ Kc7 28. Nxe8+ Rxe8 29. cxd4 Nf6 30. Rad1 Nd5 31. Bh5 Re7 32. g4 Nf4 33. Re3 Bg2 34. Rde1 Kd6 35. f3 Bxf3 36. Rxf3 exf3 37. Rxe7 Kxe7 38. Kf2 Nd3+ 39. Kxf3 Nxb4 40. Ke4 Nd5 41. Kf5 a5 42. Kxg5 a4 43. Kh6 Nf6 44. g5 Nxh5 45. Kxh5 Kf7 46. Kg4 b5 47. h4 b4 48. h5 a3 0-1

[Event "Guernsey Holiday op 43rd"]
[Site "Guernsey"]
[Date "2017.10.17"]
[Round "3"]
[White "Foster, Paul"]
[Black "Jones, Sidney A"]
[Result "1/2-1/2"]
[WhiteElo "1485"]
[BlackElo "1500"]
[PlyCount "44"]
[EventDate "2017.10.15"]
[EventType "swiss"]
[EventRounds "7"]
[EventCountry "GCI"]
[SourceTitle "EXT 2020"]
[Source "ChessBase"]
[SourceDate "2019.10.17"]
[SourceVersion "1"]
[SourceVersionDate "2019.10.17"]
[SourceQuality "1"]

1. e4 e5 2. Nf3 Nc6 3. Bc4 Bc5 4. c3 Nf6 5. b4 Be7 6. d3 d6 7. h3 0-0 8. 0-0 a6 9. Na3 b5 10. Bb3 Bb7 11. Nc2 h6 12. Ne3 Re8 13. Nf5 Bf8 14. Re1 Ne7 15. N3h4 Nxf5 16. Nxf5 Bc8 17. Ng3 d5 18. Qf3 Be6 19. Nh5 Nxh5 20. Qxh5 d4 21. Bb2 Bxb3 22. axb3 c5 1/2-1/2

[Event "Guernsey Holiday op 43rd"]
[Site "Guernsey"]
[Date "2017.10.15"]
[Round "1"]
[White "Foster, Paul"]
[Black "Kirk, Matthew"]
[Result "0-1"]
[WhiteElo "1485"]
[BlackElo "1721"]
[PlyCount "84"]
[EventDate "2017.10.15"]
[EventType "swiss"]
[EventRounds "7"]
[EventCountry "GCI"]
[SourceTitle "EXT 2020"]
[Source "ChessBase"]
[SourceDate "2019.10.17"]
[SourceVersion "1"]
[SourceVersionDate "2019.10.17"]
[SourceQuality "1"]

1. e4 c6 2. d4 d5 3. e5 Bf5 4. g4 Be4 5. f3 Bg6 6. Bd3 Bxd3 7. Qxd3 e6 8. h4 Nd7 9. f4 c5 10. c3 Ne7 11. Nf3 g6 12. Be3 Nc6 13. Nbd2 cxd4 14. Nxd4 a6 15. h5 g5 16. Nxc6 bxc6 17. Nf3 gxf4 18. Bxf4 Qb6 19. 0-0-0 Rb8 20. Rh2 Qa5 21. g5 Nc5 22. Qb1 Ne4 23. Rc2 Ba3 24. Rd3 Ke7 25. Kd1 Qb5 26. Ke2 Bxb2 27. Nd4 Qb6 28. Nxc6+ Qxc6 29. Rxb2 Rxb2+ 30. Qxb2 Rc8 31. Bd2 Qc7 32. Qb4+ Qc5 33. Qxc5+ Rxc5 34. Rf3 Ra5 35. Kd3 Rxa2 36. Bf4 Rg2 37. g6 fxg6 38. hxg6 hxg6 39. Bc1 Rg3 40. Rxg3 Nxg3 41. c4 Kd7 42. cxd5 exd5 0-1

[Event "GBR-ch U1750 op 104th"]
[Site "Llandudno"]
[Date "2017.08.04"]
[Round "5"]
[White "Foster, Paul"]
[Black "Parfett, Gerald F"]
[Result "1-0"]
[WhiteElo "1432"]
[BlackElo "1653"]
[PlyCount "71"]
[EventDate "2017.07.31"]
[EventType "swiss"]
[EventRounds "5"]
[EventCountry "WLS"]
[SourceTitle "EXT 2019"]
[Source "ChessBase"]
[SourceDate "2018.10.10"]
[SourceVersion "1"]
[SourceVersionDate "2018.10.10"]
[SourceQuality "1"]

1. e4 Nf6 2. Nc3 d5 3. exd5 Nxd5 4. Nxd5 Qxd5 5. Nf3 Nc6 6. Be2 e5 7. d3 Bc5 8. 0-0 0-0 9. a3 Nd4 10. Nxd4 exd4 11. Bf3 Qd8 12. Bf4 Bd6 13. Bxd6 Qxd6 14. b4 Bd7 15. Bxb7 Rad8 16. Qd2 Bc6 17. Bxc6 Qxc6 18. Rfe1 Rfe8 19. f3 h6 20. Kf2 Qd6 21. g3 Re7 22. Rxe7 Qxe7 23. Re1 Qd7 24. Kg2 Kf8 25. Qf4 Qc6 26. Re2 Qd7 27. Qe5 Re8 28. Qc5+ Kg8 29. Rxe8+ Qxe8 30. Qxd4 Qe2+ 31. Qf2 Qd1 32. b5 Qb1 33. Qxa7 Qxc2+ 34. Kh3 Qxd3 35. Qa8+ Kh7 36. Qe4+ 1-0

[Event "Guernsey Holiday op 40th"]
[Site "Guernsey"]
[Date "2014.10.19"]
[Round "1"]
[White "Foster, Paul"]
[Black "Day, Fred G"]
[Result "0-1"]
[WhiteElo "1690"]
[BlackElo "1420"]
[PlyCount "88"]
[EventDate "2014.10.19"]
[EventType "swiss"]
[EventRounds "7"]
[EventCountry "GCI"]
[SourceTitle "EXT 2022"]
[Source "ChessBase"]
[SourceDate "2021.10.06"]
[SourceVersion "1"]
[SourceVersionDate "2021.10.06"]
[SourceQuality "1"]

1. e4 Nf6 2. e5 Nd5 3. Bc4 e6 4. Nf3 Be7 5. d4 0-0 6. c3 c5 7. Bxd5 exd5 8. 0-0 d6 9. Re1 dxe5 10. Nxe5 cxd4 11. cxd4 Nc6 12. h3 Be6 13. Nc3 Bf6 14. f4 Ne7 15. g4 Bxe5 16. dxe5 f5 17. g5 a6 18. Kh2 Nc6 19. Ne2 Rc8 20. Be3 d4 21. Bxd4 Nb4 22. Nc3 Rc4 23. Be3 Nd3 24. Qc2 Nxe1 25. Rxe1 Qc8 26. Kg3 Rd8 27. h4 Qc6 28. Rd1 Rxd1 29. Qxd1 Qc8 30. Qf3 b5 31. a3 Qd8 32. h5 Rc8 33. g6 h6 34. Qb7 Qd3 35. Qf3 a5 36. Qf2 b4 37. axb4 axb4 38. Qe2 Rd8 39. Qxd3 Rxd3 40. Kf3 bxc3 41. bxc3 Rxc3 42. Ke2 Ra3 43. Kf2 Bb3 44. Ke2 Bd1+ 0-1

[Event "Guernsey Holiday op"]
[Site "Guernsey"]
[Date "2012.10.22"]
[Round "2"]
[White "Kok, Frans"]
[Black "Foster, Paul"]
[Result "0-1"]
[WhiteElo "1565"]
[BlackElo "1688"]
[PlyCount "62"]
[EventDate "2012.10.21"]
[EventType "swiss"]
[EventRounds "7"]
[EventCountry "GCI"]
[SourceTitle "EXT 2015"]
[Source "ChessBase"]
[SourceDate "2014.11.20"]
[SourceVersion "1"]
[SourceVersionDate "2014.11.20"]
[SourceQuality "1"]

1. e4 d5 2. exd5 Qxd5 3. Nc3 Qd6 4. Nf3 Nf6 5. Bc4 a6 6. a4 Bg4 7. 0-0 Nc6 8. Be2 e6 9. Nh4 Bxe2 10. Nxe2 Be7 11. Nf3 e5 12. d3 h6 13. b3 Qe6 14. Re1 Qd7 15. Bb2 e4 16. dxe4 0-0-0 17. Qxd7+ Rxd7 18. Ng3 Bc5 19. Bxf6 gxf6 20. e5 Rhd8 21. exf6 Bb4 22. Rf1 Bc3 23. Rac1 Bxf6 24. Nf5 h5 25. Ne3 Nb4 26. c4 Rd3 27. Rb1 a5 28. h4 Na2 29. Rfd1 Nc3 30. Rxd3 Rxd3 31. Kf1 Nxb1 0-1

[Event "Guernsey Holiday op"]
[Site "Guernsey"]
[Date "2011.10.22"]
[Round "7"]
[White "Foster, Paul"]
[Black "Harnden, Terry"]
[Result "1/2-1/2"]
[WhiteElo "1720"]
[BlackElo "1423"]
[PlyCount "28"]
[EventDate "2011.10.16"]
[EventType "swiss"]
[EventRounds "7"]
[EventCountry "GCI"]
[SourceTitle "EXT 2015"]
[Source "ChessBase"]
[SourceDate "2014.11.20"]
[SourceVersion "1"]
[SourceVersionDate "2014.11.20"]
[SourceQuality "1"]

1. e4 c5 2. Nc3 d6 3. f4 Nf6 4. Nf3 g6 5. Bb5+ Bd7 6. Bc4 e6 7. 0-0 Bg7 8. Be2 0-0 9. d3 a6 10. Qe1 Nc6 11. h3 Nd4 12. Bd1 Nxf3+ 13. Bxf3 Bc6 14. Ne2 Rb8 1/2-1/2

[Event "Guernsey Holiday op"]
[Site "Guernsey"]
[Date "2011.10.19"]
[Round "4"]
[White "Nalichowski, Bogdan"]
[Black "Foster, Paul"]
[Result "1-0"]
[WhiteElo "1626"]
[BlackElo "1720"]
[PlyCount "53"]
[EventDate "2011.10.16"]
[EventType "swiss"]
[EventRounds "7"]
[EventCountry "GCI"]
[SourceTitle "EXT 2015"]
[Source "ChessBase"]
[SourceDate "2014.11.20"]
[SourceVersion "1"]
[SourceVersionDate "2014.11.20"]
[SourceQuality "1"]

1. e4 d5 2. e5 Bf5 3. Nf3 e6 4. d4 Nd7 5. Bb5 a6 6. Bd3 Bg6 7. 0-0 c5 8. c3 Ne7 9. Bg5 Qb6 10. b3 Nf5 11. Bxf5 Bxf5 12. Nh4 Bg6 13. Qg4 cxd4 14. cxd4 Bb4 15. a3 Bxb1 16. Rc1 h6 17. Be3 g5 18. axb4 Bd3 19. Rc3 Bb5 20. Nf3 Bc6 21. h4 Qxb4 22. Rac1 h5 23. Qxg5 Qe7 24. Qg3 0-0-0 25. Bg5 f6 26. exf6 Qf7 27. Rxc6+ 1-0

[Event "Guernsey Holiday op"]
[Site "Guernsey"]
[Date "2011.10.17"]
[Round "2"]
[White "Vonhoff, Joerg"]
[Black "Foster, Paul"]
[Result "1-0"]
[WhiteElo "1543"]
[BlackElo "1720"]
[PlyCount "79"]
[EventDate "2011.10.16"]
[EventType "swiss"]
[EventRounds "7"]
[EventCountry "GCI"]
[SourceTitle "EXT 2015"]
[Source "ChessBase"]
[SourceDate "2014.11.20"]
[SourceVersion "1"]
[SourceVersionDate "2014.11.20"]
[SourceQuality "1"]

1. e4 d5 2. exd5 Qxd5 3. Nf3 Nf6 4. h3 Bf5 5. d4 c6 6. Be2 Qa5+ 7. Bd2 Qc7 8. c4 Nbd7 9. Nc3 e6 10. a3 a5 11. 0-0 Bd6 12. c5 Bf4 13. Bxf4 Qxf4 14. Qd2 Qc7 15. Bd3 Bxd3 16. Qxd3 0-0 17. Rfe1 Rfd8 18. Qc2 Nf8 19. Rad1 Rd7 20. Na4 Nd5 21. Ne5 Re7 22. Nc3 Rd8 23. Nc4 Nxc3 24. Qxc3 Ra8 25. Re3 Nd7 26. Rg3 e5 27. Nd6 f6 28. Qb3+ Kf8 29. Nf5 g5 30. Nxe7 Kxe7 31. dxe5 Nxe5 32. Re1 a4 33. Qc4 Qa5 34. Qe4 Rh8 35. Rxg5 Qxc5 36. Rg7+ Ke6 37. Rxb7 f5 38. Qxa4 Kf6 39. Qh4+ Kg6 40. Qg3+ 1-0

[Event "Guernsey Holiday op"]
[Site "Guernsey"]
[Date "2011.10.16"]
[Round "1"]
[White "Foster, Paul"]
[Black "Herschmann, Heinz"]
[Result "1-0"]
[WhiteElo "1720"]
[BlackElo "1440"]
[PlyCount "75"]
[EventDate "2011.10.16"]
[EventType "swiss"]
[EventRounds "7"]
[EventCountry "GCI"]
[SourceTitle "EXT 2015"]
[Source "ChessBase"]
[SourceDate "2014.11.20"]
[SourceVersion "1"]
[SourceVersionDate "2014.11.20"]
[SourceQuality "1"]

1. e4 e5 2. Nf3 d6 3. Bc4 Be7 4. d4 exd4 5. Nxd4 Nf6 6. Nc3 0-0 7. Bb3 Bd7 8. h3 Nc6 9. Nde2 Ne5 10. f4 Ng6 11. g3 Bc6 12. Qd3 a6 13. Be3 Nd7 14. 0-0-0 Nc5 15. Bxc5 dxc5 16. Qe3 Qe8 17. Bd5 Bxd5 18. Rxd5 Rd8 19. Rxd8 Qxd8 20. Rd1 Qc8 21. h4 Rd8 22. Nd5 b6 23. h5 c6 24. hxg6 cxd5 25. gxf7+ Kxf7 26. exd5 Bd6 27. Qf3 Qf5 28. g4 Qf6 29. Rf1 h6 30. Ng3 g6 31. Ne4 Qg7 32. f5 g5 33. Nxd6+ Rxd6 34. Re1 Qd4 35. Qe2 Qf4+ 36. Kb1 Kg8 37. Qe8+ Kg7 38. Re7+ 1-0

[Event "Guernsey Holiday op"]
[Site "Guernsey"]
[Date "2010.10.18"]
[Round "2"]
[White "Foster, Paul"]
[Black "Haisma, Henk"]
[Result "1/2-1/2"]
[WhiteElo "1568"]
[BlackElo "1690"]
[PlyCount "58"]
[EventDate "2010.10.17"]
[EventType "swiss"]
[EventRounds "7"]
[EventCountry "GCI"]
[SourceTitle "EXT 2013"]
[Source "ChessBase"]
[SourceDate "2012.11.22"]
[SourceVersion "1"]
[SourceVersionDate "2012.11.22"]
[SourceQuality "1"]

1. e4 c5 2. f4 Nc6 3. Nf3 d6 4. Bc4 e6 5. 0-0 Nf6 6. Nc3 a6 7. a4 Qc7 8. d3 Be7 9. Qe1 Nb4 10. Qe2 Bd7 11. Bb3 Bc6 12. Na2 Nxa2 13. Rxa2 d5 14. exd5 Bxd5 15. c4 Bxf3 16. Qxf3 0-0 17. Bc2 Bd6 18. b3 Rfe8 19. Bb1 e5 20. fxe5 Bxe5 21. g3 Qb6 22. Bc2 Bd4+ 23. Kh1 Re6 24. Bd1 Rae8 25. h3 Re1 26. Kh2 Bc3 27. Rxe1 Rxe1 28. Bd2 Bxd2 29. Rxd2 Qb4 1/2-1/2

[Event "Guernsey Holiday op 33rd"]
[Site "Guernsey"]
[Date "2007.10.25"]
[Round "5"]
[White "Carrick, Peter"]
[Black "Foster, Paul"]
[Result "0-1"]
[WhiteElo "1304"]
[BlackElo "1488"]
[PlyCount "104"]
[EventDate "2007.10.21"]
[EventType "swiss"]
[EventRounds "7"]
[EventCountry "GCI"]
[SourceTitle "EXT 2022"]
[Source "ChessBase"]
[SourceDate "2021.10.06"]
[SourceVersion "1"]
[SourceVersionDate "2021.10.06"]
[SourceQuality "1"]

1. d4 Nf6 2. Nc3 g6 3. Bg5 Bg7 4. Nf3 b6 5. e4 Bb7 6. e5 Ne4 7. Nxe4 Bxe4 8. Bd3 Bxd3 9. Qxd3 d6 10. exd6 Qxd6 11. c3 Qe6+ 12. Be3 Nd7 13. 0-0 0-0 14. Rfe1 Qd6 15. Rad1 Rfd8 16. Qe4 Nf6 17. Qf4 Nh5 18. Qxd6 exd6 19. d5 Re8 20. Nd4 Bxd4 21. Bxd4 f5 22. g3 Kf7 23. Kf1 Nf6 24. Bxf6 Kxf6 25. Rd2 Rxe1+ 26. Kxe1 Re8+ 27. Re2 Rxe2+ 28. Kxe2 Ke5 29. Kd3 Kxd5 30. f4 h6 31. b3 a5 32. a3 Kc5 33. Ke3 b5 34. Kd3 Kd5 35. Ke3 c5 36. Kd3 c4+ 37. bxc4+ bxc4+ 38. Ke3 Kc5 39. Kd2 Kb5 40. Kc2 d5 41. Kb2 Kc5 42. Kc2 d4 43. cxd4+ Kxd4 44. Kd2 c3+ 45. Kc2 a4 46. h3 h5 47. h4 Kc4 48. Kc1 Kb3 49. Kb1 Kxa3 50. Kc2 Kb4 51. Kb1 Kb3 52. Kc1 c2 0-1

[Event "Guernsey Holiday op 33rd"]
[Site "Guernsey"]
[Date "2007.10.23"]
[Round "3"]
[White "Herschmann, Heinz"]
[Black "Foster, Paul"]
[Result "1-0"]
[WhiteElo "1320"]
[BlackElo "1488"]
[PlyCount "115"]
[EventDate "2007.10.21"]
[EventType "swiss"]
[EventRounds "7"]
[EventCountry "GCI"]
[SourceTitle "EXT 2022"]
[Source "ChessBase"]
[SourceDate "2021.10.06"]
[SourceVersion "1"]
[SourceVersionDate "2021.10.06"]
[SourceQuality "1"]

1. e4 c6 2. d4 d5 3. exd5 Qxd5 4. Nf3 Bg4 5. Be2 Nd7 6. Nc3 Qa5 7. 0-0 e6 8. a3 Bd6 9. Ne4 Bc7 10. c3 Ngf6 11. Nxf6+ Nxf6 12. h3 Bh5 13. b4 Qd5 14. Nh4 Bg6 15. Nxg6 hxg6 16. f4 Ne4 17. Bf3 Qf5 18. g4 Qd5 19. Qd3 Rxh3 20. Qxe4 Qxe4 21. Bxe4 Rxc3 22. Rf3 Rc4 23. Bb2 Bb6 24. Rd1 Rd8 25. Kg2 Bxd4 26. Bxd4 Rcxd4 27. Rfd3 Rxd3 28. Rxd3 Rxd3 29. Bxd3 Ke7 30. Kf3 Kd6 31. Ke4 f6 32. Kd4 f5 33. g5 b6 34. Bc4 c5+ 35. bxc5+ bxc5+ 36. Ke3 Ke7 37. a4 a5 38. Bb5 Kd6 39. Kd3 e5 40. fxe5+ Kxe5 41. Be8 f4 42. Bxg6 f3 43. Ke3 c4 44. Bc2 f2 45. Kxf2 Kd4 46. Ke2 Kc3 47. Kd1 Kd4 48. g6 Ke3 49. Ke1 Kd4 50. Kd2 c3+ 51. Ke2 Kc4 52. Ke3 Kc5 53. Kd3 Kb4 54. Kd4 Ka3 55. Kxc3 Ka2 56. Bd3 Ka3 57. Bb5 Ka2 58. Kd4 1-0

[Event "Guernsey Holiday op"]
[Site "Grand Harve Bay"]
[Date "2006.10.18"]
[Round "4"]
[White "Stanners, Michael J"]
[Black "Foster, Paul"]
[Result "1/2-1/2"]
[WhiteElo "1624"]
[BlackElo "1600"]
[PlyCount "76"]
[EventDate "2006.10.15"]
[EventType "swiss"]
[EventRounds "7"]
[EventCountry "GCI"]
[SourceTitle "EXT 2008"]
[Source "ChessBase"]
[SourceDate "2007.11.25"]
[SourceVersion "1"]
[SourceVersionDate "2007.11.25"]
[SourceQuality "1"]

1. d4 Nf6 2. e3 e6 3. Bd3 b6 4. f4 Bb7 5. Nf3 c5 6. c3 d5 7. 0-0 c4 8. Bc2 b5 9. Nbd2 g6 10. Qe2 Bg7 11. e4 dxe4 12. Nxe4 Nxe4 13. Bxe4 Bd5 14. Bd2 0-0 15. Ne5 Bxe4 16. Qxe4 Qd5 17. Qxd5 exd5 18. a4 bxa4 19. Rxa4 a5 20. g4 f6 21. Nf3 Nc6 22. f5 g5 23. Raa1 Rfe8 24. Rae1 Kf7 25. Bc1 Rxe1 26. Rxe1 Re8 27. Rxe8 Kxe8 28. h4 h6 29. hxg5 hxg5 30. Nd2 a4 31. Nf1 Kd7 32. Bd2 Bf8 33. Ne3 Ne7 34. Be1 Kc6 35. Bg3 Ng8 36. Kf2 a3 37. bxa3 Bxa3 38. Nc2 Be7 1/2-1/2

[Event "Guernsey Holiday op"]
[Site "Grand Harve Bay"]
[Date "2006.10.16"]
[Round "2"]
[White "Moriarty, Tom J"]
[Black "Foster, Paul"]
[Result "0-1"]
[WhiteElo "1565"]
[BlackElo "1600"]
[PlyCount "72"]
[EventDate "2006.10.15"]
[EventType "swiss"]
[EventRounds "7"]
[EventCountry "GCI"]
[SourceTitle "EXT 2008"]
[Source "ChessBase"]
[SourceDate "2007.11.25"]
[SourceVersion "1"]
[SourceVersionDate "2007.11.25"]
[SourceQuality "1"]

1. d4 Nf6 2. e3 b6 3. Nf3 Bb7 4. Bd3 e6 5. Nbd2 c5 6. c3 cxd4 7. exd4 d6 8. 0-0 Be7 9. Re1 0-0 10. Ne4 Nxe4 11. Bxe4 Bxe4 12. Rxe4 d5 13. Re1 Nd7 14. Ne5 Nxe5 15. Rxe5 Bf6 16. Re2 Qd6 17. Qe1 b5 18. g3 a5 19. Bf4 Qb6 20. Qd2 g6 21. Be5 Bg7 22. Bxg7 Kxg7 23. Qe3 Qd6 24. Qe5+ Qxe5 25. Rxe5 b4 26. Rc1 Rfc8 27. Ree1 Rab8 28. cxb4 Rxc1 29. Rxc1 Rxb4 30. Rc2 Rxd4 31. b3 a4 32. bxa4 Rxa4 33. Kf1 h5 34. Ke2 Ra3 35. f3 g5 36. Kf2 Kg6 0-1

[Event "Guernsey Holiday op"]
[Site "Grand Harve Bay"]
[Date "2006.10.15"]
[Round "1"]
[White "Foster, Paul"]
[Black "James, Howard"]
[Result "1/2-1/2"]
[WhiteElo "1600"]
[BlackElo "1450"]
[PlyCount "66"]
[EventDate "2006.10.15"]
[EventType "swiss"]
[EventRounds "7"]
[EventCountry "GCI"]
[SourceTitle "EXT 2008"]
[Source "ChessBase"]
[SourceDate "2007.11.25"]
[SourceVersion "1"]
[SourceVersionDate "2007.11.25"]
[SourceQuality "1"]

1. e4 e6 2. d4 d6 3. Nf3 Be7 4. Bd3 c6 5. c3 a6 6. a4 b6 7. Qc2 Qc7 8. 0-0 e5 9. Bg5 Nf6 10. Nbd2 0-0 11. h3 Nbd7 12. b4 c5 13. bxc5 bxc5 14. d5 a5 15. Rfb1 Ba6 16. Bxa6 Rxa6 17. Nc4 Nb6 18. Na3 Qd7 19. Nb5 h6 20. Bxf6 Bxf6 21. c4 Be7 22. Nd2 f5 23. f3 Bg5 24. Rd1 Bxd2 25. Rxd2 f4 26. Qd3 Qe7 27. Rc2 Rf6 28. Qe2 Rg6 29. Qf2 Qd7 30. Kf1 Ra8 31. Ke2 Rg3 32. Kd3 Rf8 33. Qd2 Ra8 1/2-1/2